| 000 | 00978cab a2200217 4500 | ||
|---|---|---|---|
| 001 | ##L136074 | ||
| 008 | 070108n2006 000 0 eng u | ||
| 035 | _a(Sirsi) u136074 | ||
| 041 | 0 | _aeng | |
| 100 | 1 | _aOrtiz, Jose | |
| 245 | 0 | 0 | _aGo figure |
| 260 | _c2006 | ||
| 490 | 0 |
_aBuilding Services Journal _v28(11) November 2006, 38-40(3) |
|
| 520 | _aConsiders the reasons behind the growth of energy use in buildings in developed countries. Suggests that one key factor is the common use of HVAC systems in both residential and non-residential sectors. Focuses on energy use in non-domestic buildings, highlighting office and retail structures as the most energy intensive. Concludes that more data is required to fully understand the fundamental changes affecting energy use. | ||
| 590 | _aKA | ||
| 651 | 4 | _aInternational | |
| 690 | _aENVIRONMENTAL AND LAND CONSULTANCY-ENERGY-ENERGY USE | ||
| 700 | 1 | _aPout, Christine | |
| 700 | 1 | _aPerez-Lombard, Luis | |
| 942 | _n0 | ||
| 999 |
_c78123 _d78123 |
||